<?xml version="1.0" encoding="UTF-8"?>
<record
    xmlns:xsi="http://www.w3.org/2001/XMLSchema-instance"
    xsi:schemaLocation="http://www.loc.gov/MARC21/slim http://www.loc.gov/standards/marcxml/schema/MARC21slim.xsd"
    xmlns="http://www.loc.gov/MARC21/slim">

  <leader>01393nam a22002537a 4500</leader>
  <controlfield tag="003">NALT</controlfield>
  <controlfield tag="005">20240222140257.0</controlfield>
  <controlfield tag="008">240207b        th ||||| |||| 00| 0 tha d</controlfield>
  <datafield tag="040" ind1=" " ind2=" ">
    <subfield code="a">NALT</subfield>
  </datafield>
  <datafield tag="090" ind1=" " ind2=" ">
    <subfield code="a">IS 13/2564 58</subfield>
  </datafield>
  <datafield tag="100" ind1="0" ind2=" ">
    <subfield code="9">62403</subfield>
    <subfield code="a">&#xE1B;&#xE34;&#xE22;&#xE27;&#xE23;&#xE23;&#xE13; &#xE1A;&#xE38;&#xE0D;&#xE22;&#xE34;&#xE48;&#xE07;</subfield>
  </datafield>
  <datafield tag="245" ind1="1" ind2="0">
    <subfield code="a">&#xE28;&#xE36;&#xE01;&#xE29;&#xE32;&#xE41;&#xE19;&#xE27;&#xE17;&#xE32;&#xE07;&#xE01;&#xE32;&#xE23;&#xE23;&#xE30;&#xE1A;&#xE38;&#xE1A;&#xE17;&#xE08;&#xE33;&#xE01;&#xE31;&#xE14;&#xE2A;&#xE34;&#xE17;&#xE18;&#xE34;&#xE41;&#xE25;&#xE30;&#xE40;&#xE2A;&#xE23;&#xE35;&#xE20;&#xE32;&#xE1E;&#xE02;&#xE2D;&#xE07;&#xE1A;&#xE38;&#xE04;&#xE04;&#xE25;&#xE43;&#xE19;&#xE04;&#xE33;&#xE1B;&#xE23;&#xE32;&#xE23;&#xE20;&#xE23;&#xE48;&#xE32;&#xE07;&#xE1E;&#xE23;&#xE30;&#xE23;&#xE32;&#xE0A;&#xE1A;&#xE31;&#xE0D;&#xE0D;&#xE31;&#xE15;&#xE34;&#xE15;&#xE32;&#xE21;&#xE23;&#xE31;&#xE10;&#xE18;&#xE23;&#xE23;&#xE21;&#xE19;&#xE39;&#xE0D;&#xE41;&#xE2B;&#xE48;&#xE07;&#xE23;&#xE32;&#xE0A;&#xE2D;&#xE32;&#xE13;&#xE32;&#xE08;&#xE31;&#xE01;&#xE23;&#xE44;&#xE17;&#xE22; &#xE1E;&#xE38;&#xE17;&#xE18;&#xE28;&#xE31;&#xE01;&#xE23;&#xE32;&#xE0A; 2560 /</subfield>
    <subfield code="c">&#xE1B;&#xE34;&#xE22;&#xE27;&#xE23;&#xE23;&#xE13; &#xE1A;&#xE38;&#xE0D;&#xE22;&#xE34;&#xE48;&#xE07; ; &#xE2A;&#xE16;&#xE32;&#xE1A;&#xE31;&#xE19;&#xE1E;&#xE23;&#xE30;&#xE1B;&#xE01;&#xE40;&#xE01;&#xE25;&#xE49;&#xE32;.</subfield>
  </datafield>
  <datafield tag="260" ind1=" " ind2=" ">
    <subfield code="a">&#xE01;&#xE23;&#xE38;&#xE07;&#xE40;&#xE17;&#xE1E;&#xE2F; :</subfield>
    <subfield code="b">&#xE2A;&#xE16;&#xE32;&#xE1A;&#xE31;&#xE19;&#xE1E;&#xE23;&#xE30;&#xE1B;&#xE01;&#xE40;&#xE01;&#xE25;&#xE49;&#xE32;,</subfield>
    <subfield code="c">2564.</subfield>
  </datafield>
  <datafield tag="300" ind1=" " ind2=" ">
    <subfield code="a">65 &#xE2B;&#xE19;&#xE49;&#xE32; ;</subfield>
    <subfield code="c">29 &#xE0B;&#xE21;.</subfield>
  </datafield>
  <datafield tag="650" ind1=" " ind2="4">
    <subfield code="9">44905</subfield>
    <subfield code="a">&#xE2A;&#xE34;&#xE17;&#xE18;&#xE34;&#xE2A;&#xE48;&#xE27;&#xE19;&#xE1A;&#xE38;&#xE04;&#xE04;&#xE25;</subfield>
    <subfield code="z">&#xE44;&#xE17;&#xE22;</subfield>
  </datafield>
  <datafield tag="650" ind1=" " ind2="4">
    <subfield code="9">62852</subfield>
    <subfield code="a">&#xE01;&#xE0E;&#xE2B;&#xE21;&#xE32;&#xE22;&#xE23;&#xE31;&#xE10;&#xE18;&#xE23;&#xE23;&#xE21;&#xE19;&#xE39;&#xE0D;</subfield>
    <subfield code="z">&#xE44;&#xE17;&#xE22;</subfield>
    <subfield code="y">2560</subfield>
  </datafield>
  <datafield tag="650" ind1=" " ind2="4">
    <subfield code="9">13046</subfield>
    <subfield code="a">&#xE40;&#xE2A;&#xE23;&#xE35;&#xE20;&#xE32;&#xE1E;</subfield>
  </datafield>
  <datafield tag="710" ind1="2" ind2=" ">
    <subfield code="9">2339</subfield>
    <subfield code="a">&#xE2A;&#xE16;&#xE32;&#xE1A;&#xE31;&#xE19;&#xE1E;&#xE23;&#xE30;&#xE1B;&#xE01;&#xE40;&#xE01;&#xE25;&#xE49;&#xE32;</subfield>
  </datafield>
  <datafield tag="850" ind1=" " ind2=" ">
    <subfield code="a">NALT</subfield>
  </datafield>
  <datafield tag="942" ind1=" " ind2=" ">
    <subfield code="c">IS</subfield>
    <subfield code="2">local</subfield>
  </datafield>
  <datafield tag="996" ind1=" " ind2=" ">
    <subfield code="a">chunbijaya.r</subfield>
    <subfield code="b">CATSTF	</subfield>
    <subfield code="c">2024-02-07</subfield>
  </datafield>
  <datafield tag="996" ind1=" " ind2=" ">
    <subfield code="a">saiphon.d</subfield>
    <subfield code="b">CATSTF	</subfield>
    <subfield code="c">2024-02-22</subfield>
  </datafield>
  <datafield tag="999" ind1=" " ind2=" ">
    <subfield code="c">104463</subfield>
    <subfield code="d">104463</subfield>
  </datafield>
  <datafield tag="998" ind1=" " ind2=" ">
    <subfield code="j">104</subfield>
    <subfield code="k"> &#xE19;&#xE32;&#xE07;&#xE2A;&#xE32;&#xE27;&#xE2A;&#xE32;&#xE22;&#xE1D;&#xE19;  &#xE14;&#xE35;&#xE07;&#xE32;&#xE21;</subfield>
  </datafield>
  <datafield tag="952" ind1=" " ind2=" ">
    <subfield code="0">0</subfield>
    <subfield code="1">0</subfield>
    <subfield code="2">local</subfield>
    <subfield code="4">0</subfield>
    <subfield code="7">0</subfield>
    <subfield code="8">CIS</subfield>
    <subfield code="a">NALT</subfield>
    <subfield code="b">NALT</subfield>
    <subfield code="c">IS</subfield>
    <subfield code="d">2024-02-07</subfield>
    <subfield code="o">IS 13/2564 58</subfield>
    <subfield code="p">3961222439</subfield>
    <subfield code="r">2024-03-05 00:00:00</subfield>
    <subfield code="w">2024-02-07</subfield>
    <subfield code="y">IS</subfield>
  </datafield>
</record>
